[Event "Haninge"]
[Site "Haninge"]
[Date "1990.??.??"]
[Round "5"]
[White "Karpov, Anatoly"]
[Black "Andersson, Ulf"]
[Result "1-0"]
[WhiteElo "2730"]
[BlackElo "2630"]
[PlyCount "70"]
[EventDate "1990.05.??"]
[EventType "tourn"]
[EventRounds "11"]
[EventCountry "SWE"]
[EventCategory "14"]
[SourceTitle "CBM 018"]
[Source "ChessBase"]
[SourceDate "1990.10.01"]
[SourceVersion "1"]
[SourceVersionDate "1990.10.01"]
[SourceQuality "1"]

1. d4 {Kramnik,Vladimir} Nf6 2. c4 e6 3. Nc3 Bb4 4. Qc2 O-O 5. a3 Bxc3+ 6. Qxc3 b6 7. Bg5 Bb7 8. f3 d6 9. e3 Nbd7 10. Nh3 ({RR} 10. Bd3 c5 11. Ne2 Rc8 ({RR} 11... h6 12. Bh4 Rc8 13. b4 d5 14. dxc5 bxc5 15. b5 Nb6 16. Bxf6 Qxf6 17. Qxf6 gxf6 18. cxd5 Bxd5 19. Nc3) 12. Qb3 cxd4 13. exd4 d5 14. O-O dxc4 15. Bxc4 h6 16. Bh4 Nb8 17. Qd3 Qe7 18. Rfe1) 10... c5 11. dxc5 bxc5 12. Be2 ({RR} 12. Nf2 Qb6 13. Be2 Ba6 14. O-O Rab8 15. Rab1 Qb3 16. Rfc1 h6 17. Bh4 d5 18. Bg3 Qxc3 19. Rxc3 e5 20. Rc2 Bxc4 21. Bxc4 dxc4 22. Rxc4 Rb3 23. Nd1 Rfb8 24. Rbc1 Nd5 25. Bf2 f6 26. R4c2 Kf7 {Mirzoev,A (2445)-Adewumi,T (2386) New York USA 2024 1-0 (65)}) 12... a5 ({RR} 12... Qb6 13. O-O d5 ({RR} 13... a5 14. Rfd1 Ba6 15. Rd2 h6 16. Bh4 d5 17. Rad1 Ra7 18. Bf2 Rb8 19. cxd5 Nxd5 20. Qc1 Bxe2 21. Rxe2 Qb5 22. Rc2 Rc8 23. e4 N5b6) 14. Rad1 ({RR} 14. cxd5 exd5 15. b4 c4 16. Rfd1 Rfe8 17. Qd4 h6 18. Bxf6 Nxf6 19. Kf2 Qc7 20. Nf4 Re5 21. Rac1 Rae8 22. Rc3 g5 23. Nh3 Bc8 24. Bf1 Bxh3 25. gxh3 Nh5) 14... Bc6 ({RR} 14... h6 15. Bf4) ({RR} 14... a5 15. Rd2 Rab8 16. Bh4 Bc6 17. Bf2 a4 18. Nf4 Qc7 19. cxd5 exd5 20. Nd3 Rb3 21. Qc2 Qa5 22. Nc1 Rb6 23. Na2 Rfb8) 15. Nf2 ({RR} 15. Rd2 h6 16. Bh4 Rab8 17. Bg3 Rb7 18. Nf4) 15... h6 16. Bh4 Ba4 ({RR} 16... Rab8 17. Rd2 a5) 17. Rd2 Bb3 18. Ng4 ({RR} 18. Rc1 Rfc8) 18... Nxg4 ({RR} 18... Nh7 19. Rc1 f5 20. Ne5 d4 21. exd4 cxd4 22. Rxd4 Nxe5 23. c5) 19. fxg4 Rab8 ({RR} 19... f6 20. cxd5 exd5 21. Bf3) 20. g5 ({RR} 20. cxd5 exd5 21. Rf5) 20... hxg5 21. Bxg5 Rb7 ({RR} 21... Qc6 22. Bf3 ({RR} 22. Be7 Rfe8 23. Bh4 Bxc4 24. Bxc4 dxc4 25. Qxc4 Nb6 26. Qf4 Rb7)) 22. Be7 ({RR} 22. Bh4) 22... Re8 23. Bh4 Nf8 ({RR} 23... a5 24. Bh5 Nb8 25. Rdf2) 24. Bg3 ({RR} 24. Rf3) 24... Rd8 25. Bh4 Rdd7 ({RR} 25... d4 26. exd4 ({RR} 26. Bxd8 dxc3 27. Bxb6 cxd2 28. Bxc5 Rd7 29. Bd4 e5 30. Bxe5 d1=Q 31. Bxd1 Bxd1) 26... cxd4 ({RR} 26... Rxd4 27. Bf2 Rxd2 28. Qxd2) 27. Qd3 Rc8) 26. cxd5 Rxd5 ({RR} 26... exd5 27. Rc1 ({RR} 27. Bg4 d4 ({RR} 27... Rd6 28. Qe5) 28. exd4 Rxd4 29. Rxd4 cxd4 30. Qd3 Ba4 31. Rf2) 27... Ne6 ({RR} 27... Qh6 28. Bf2 Ne6) 28. Qe5 Rb8 29. Bg4 Re8) 27. e4 {Kasparov,G (2785)-Karpov,A (2775) Las Palmas 1996 CBM 057 [Kramnik,Vladimir] 1-0 (44)}) ({RR} 12... d5 13. O-O-O Qb6 14. Rd2 Rfe8 15. Rhd1 Bc6 16. Kb1 Rab8 17. Bh4 Ba4 18. Rc1 Rec8) ({RR} 12... d5 13. O-O Qb6 14. Rad1 a5 15. Rd2 Rfe8 16. Rc1 Rac8 17. Bd1 h6 18. Bh4 Ba6 19. Ba4 Bxc4 20. Bxf6 Nxf6 21. Bxe8 Nxe8 22. Nf4 a4 23. e4 Nf6 24. exd5 exd5 25. Re1 Qb5 26. h4 Bb3 27. g4 {Ljubojevic,L (2570)-Karpov,A (2760) Monte Carlo 1997 1-0 (51)}) 13. Rd1 ({RR} 13. O-O h6 14. Bh4 Qb6 ({RR} 14... a4 15. Rfd1 Ra6 16. Bf2 Qb8 17. Nf4 Rb6 18. Rd2 Rc8 19. Bd1 Bc6 20. Rb1 Qc7 21. Bg3 e5 22. Ne2 Nf8) 15. Rfd1 d5 16. Rd2 ({RR} 16. Bf2) 16... Rfe8 ({RR} 16... Bc6 17. Bf2 Rfb8 18. Bd1 e5 ({RR} 18... a4) 19. cxd5 Bxd5 20. Ba4 Qe6 ({RR} 20... Bc6 21. Rd6 Rc8 22. Rad1) 21. Rad1 Nb6 22. Bc2 Bxf3 23. gxf3 Qxh3 24. Qxe5 Re8) 17. Rad1 Rac8 18. Bf2 Qa7 19. Nf4 Bc6 20. Bd3 Qc7 21. cxd5 exd5 22. Ne2 Qb6 23. Bf5) 13... h6 $146 ({RR} 13... Qb6 14. O-O d5 15. Rd2 Rac8 16. Re1 Rfe8 17. Bf1 Bc6 18. Bh4 Ba4 19. Bf2 h6 20. Nf4 Bc6 21. h4 Qc7 22. Nd3 Bb7 23. Qc2 {½-½ (23) Stojanovic,M (2493)-Zajic,M (2479) Ruma 2017}) ({RR} 13... Qb6 14. O-O d5 15. Bh4 Bc6 16. Bf2 Rfb8 17. Rd2 Rb7 18. Nf4 Rab8 19. Rc1 Qa7 20. cxd5 exd5 21. Bd1 Qa8 22. Nd3 c4 23. Ne5 Nxe5 24. Qxe5 Re8 25. Qd4 a4 26. Re2 Nd7 27. Be1 Ne5 28. Bc3 {Vaznonis,V (2417)-Zagorskis,D (2493) Kaunas 2008 ½-½ (32)}) 14. Bf4 ({RR} 14. Bh4 Ne4 15. Bxd8 Nxc3 16. bxc3 Rfxd8 17. Rxd6 Ne5 18. Rxd8+ ({RR} 18. Rb6 Ba6 19. f4 Nd3+) 18... Rxd8) 14... d5 ({RR} 14... e5) 15. O-O Qb6 16. Bg3 Ba6 17. Rf2 Ra7 18. cxd5 Nxd5 19. Qc1 Bxe2 20. Rxe2 Qb5 21. Rc2 Rb7 22. Nf2 N5f6 23. e4 Rc8 24. Rd3 Nb6 25. b3 Rd7 26. Rdc3 c4 27. bxc4 Qc5 28. Bf4 Na4 29. Rb3 Qc6 30. Be3 Rdd8 31. Rb5 Nd7 32. Rxa5 Ndc5 33. Qb1 Nb7 34. Rb5 Nd6 35. Rb4 Nc5 $138 1-0

[Event "Montilla"]
[Site "Montilla"]
[Date "1976.08.23"]
[Round "7"]
[White "Karpov, Anatoly"]
[Black "Byrne, Robert Eugene"]
[Result "1/2-1/2"]
[WhiteElo "2695"]
[BlackElo "2540"]
[PlyCount "27"]
[EventDate "1976.08.16"]
[EventType "tourn"]
[EventRounds "9"]
[EventCountry "ESP"]
[EventCategory "10"]
[SourceTitle "MCD"]
[Source "ChessBase"]
[SourceDate "1999.07.01"]
[SourceVersion "1"]
[SourceVersionDate "1999.07.01"]
[SourceQuality "1"]

1. d4 Nf6 2. c4 e6 3. Nc3 Bb4 4. e3 O-O 5. Nge2 d5 6. a3 Be7 7. cxd5 exd5 8. Ng3 c5 9. Be2 Nc6 10. O-O cxd4 ({RR} 10... Re8 11. Bf3 Be6 12. dxc5 Bxc5 13. b4 Bf8 14. Bb2 a5 15. b5 Ne5 16. Be2 Rc8 17. Rc1 h5 18. Nce4 Nfg4 19. Rxc8 Bxc8 20. Nc3 h4 21. Nh5 Qd6 22. Nf4 g5 23. Bxg4 Bxg4 24. Nfe2 h3 25. f3 {Bernat,M (1959)-Dylag,E (2169) Jastrzebia Gora POL 2023 0-1 (41)}) 11. exd4 Be6 12. b4 $146 ({RR} 12. Be3 Rc8 13. Rc1 Na5 14. Na4 Nc4 15. Qb3 b6 16. Rfe1 Qd7 17. Nf1 Ne4 18. Nc3 Na5 19. Qa2 Nxc3 20. bxc3 Qa4 21. Bf3 Qxa3 22. Qxa3 Bxa3 23. Rc2 Nc4 24. Nd2 Nxe3 25. fxe3 Bf5 26. Ra2 Rxc3 {Kabelka,O (2026)-Antal,T (2419) Schwaebisch Gmuend 2018 0-1 (43)}) ({RR} 12. Be3 Rc8 13. Bf3 Na5 14. Bg5 Nc4 15. Qb3 h6 16. Bf4 Qb6 17. Qxb6 axb6 18. Rab1 g5 19. Be3 Bxa3 20. Bxg5 hxg5 21. bxa3 Nd2 22. Na4 Nxf1 23. Kxf1 Rc4 24. Nxb6 Rxd4 25. h3 Ne4 26. Bxe4 dxe4 {Da Silva Filho,J (1977)-Garcia,G (2124) Brasilia 2016 0-1}) 12... Rc8 13. Qd3 Ne4 14. Ncxe4 1/2-1/2

[Event "Valjevo"]
[Site "Valjevo"]
[Date "2007.06.16"]
[Round "4"]
[White "Karpov, Anatoly"]
[Black "Georgiev, Kiril"]
[Result "1-0"]
[WhiteElo "2668"]
[BlackElo "2660"]
[PlyCount "123"]
[EventDate "2007.06.13"]
[EventType "tourn"]
[EventRounds "9"]
[EventCountry "YUG"]
[EventCategory "15"]
[SourceTitle "CBM 119"]
[Source "ChessBase"]
[SourceDate "2007.08.01"]
[SourceVersion "1"]
[SourceVersionDate "2007.08.01"]
[SourceQuality "1"]

1. d4 Nf6 2. c4 e6 3. Nc3 Bb4 4. Qc2 d5 5. a3 Bxc3+ 6. Qxc3 Ne4 7. Qc2 c5 8. dxc5 Nc6 9. cxd5 exd5 10. Nf3 Qf6 11. e3 Bg4 12. Be2 O-O 13. Bd2 ({RR} 13. O-O Rfe8 14. Bd2 d4 15. Rad1 Nxd2 16. Rxd2 dxe3 17. Rd6 Re6 18. fxe3 Rxd6 19. cxd6 Bxf3 20. Bxf3 Qxd6 21. Qb3 Qe7 22. Bd5 Nd8 23. Rc1 Qd7 24. Qc4 Ne6 25. Bxe6 fxe6 26. Qd4 Qxd4 27. exd4 Rf8 {Mamedyarov,S (2809)-So,W (2799) Berlin 2018 ½-½ (31)}) 13... Rfe8 14. Bc3 Nxc3 15. Qxc3 $146 ({RR} 15. bxc3 Qe7 16. O-O Qxc5 17. Rfb1 Rab8 18. Rb5 Qd6 19. Rd1 Qxa3 20. Rbxd5 Be6 21. Ng5 g6 22. Nxe6 Rxe6 23. Rd7 Re7 24. Rxe7 Qxe7 25. h3 Rc8 26. Qb2 Rc7 27. Qb5 Qf6 28. c4 Re7 29. c5 Kg7 {Krush,I (2452)-Hou,Y (2578) Beijing 2008 0-1 (37)}) 15... Qxc3+ 16. bxc3 Rac8 17. Rb1 Nd8 18. Kd2 Re7 19. Rb4 Be6 20. Nd4 Rxc5 21. a4 Bd7 22. Ra1 g6 23. a5 a6 24. Bf3 Re5 25. Rb6 Kf8 26. g4 Ke8 27. h4 Rc7 28. Be2 Re7 29. Rd6 Re5 30. Rb6 Re7 31. Rd6 Ne6 32. Rxd5 Nc5 33. f3 Be6 34. Re5 f6 35. Nxe6 Nb3+ 36. Ke1 fxe5 37. Nxc7+ Rxc7 38. Ra3 Nc5 39. g5 h6 40. gxh6 Rh7 41. Kf2 Rxh6 42. Kg3 Rh7 43. Ra1 Nb3 44. Ra3 Nc5 45. Ra2 Rc7 46. Kg4 Ke7 47. c4 Kf6 48. Rd2 Rd7 49. Rxd7 Nxd7 50. Bd3 b6 51. axb6 Nxb6 52. c5 Nd5 53. e4 Nc7 54. Bc4 a5 55. f4 a4 56. f5 gxf5+ 57. exf5 e4 58. h5 e3 59. h6 Na6 60. c6 a3 61. Kf3 Nc7 62. Kxe3 1-0

[Event "Teheran Mate of the King"]
[Site "Teheran"]
[Date "2009.01.29"]
[Round "3"]
[White "Karpov, Anatoly"]
[Black "Ghaem Maghami, Ehsan"]
[Result "1/2-1/2"]
[WhiteElo "2644"]
[BlackElo "2604"]
[PlyCount "87"]
[EventDate "2009.01.27"]
[EventType "match"]
[EventRounds "4"]
[EventCountry "IRI"]
[SourceTitle "CBM 128 Extra"]
[Source "ChessBase"]
[SourceDate "2009.03.05"]
[SourceVersion "2"]
[SourceVersionDate "2009.03.25"]
[SourceQuality "1"]

1. d4 {Rogozenco,Dorian} Nf6 2. c4 e6 3. Nc3 Bb4 4. Qc2 d5 5. a3 Bxc3+ 6. Qxc3 dxc4 ({RR} 6... c5) ({RR} 6... Ne4) 7. Qxc4 b6 8. Bf4 ({RR} 8. Nf3) 8... Ba6 ({RR} 8... Nd5 9. Bg3 Ba6 10. Qa4+ Qd7 11. Qc2 Qb5 12. Nf3 Nc6 13. Rc1 Nde7 14. b4 Qh5 15. Qa4 Bb5 16. Qb3 Qd5 17. Qxd5 exd5 18. e3 Bxf1 19. Kxf1 Rc8 20. Ke2) ({RR} 8... Nd5 9. Bg3 Ba6 10. Qc2 f5 11. Nf3 O-O 12. e4 Bxf1 13. Kxf1 fxe4 14. Qxe4 Qf6 15. h4 Qf5 16. Re1 Qxe4 17. Rxe4 Re8 18. Ke2 Nd7 19. Kd2 h6 20. Rhe1 Kf7 21. Ne5+ Nxe5 22. Bxe5 Rad8 23. Ke2 {Al Sayed,M (2498)-Ghaem Maghami,E (2588) Sharjah 2011 ½-½ (31)}) 9. Qa4+ ({RR} 9. Qxc7 Qxc7 10. Bxc7 O-O ({RR} 10... Nc6 11. Nf3 Rc8 12. Be5 ({RR} 12. Bf4 Na5 13. b4) 12... Nxe5 13. dxe5 Nd7 14. b4 Bb7 15. e3 Bxf3 16. gxf3 Nxe5 17. Bb5+ Ke7 18. f4 Nd7) 11. Nf3 Rc8 12. Bf4 Nbd7 ({RR} 12... Nc6 13. e3 Bxf1 14. Rxf1 Na5) 13. Nd2 Rc2 ({RR} 13... Nd5 14. Bg3 Rc2 15. Rb1 Rac8 16. Kd1 f5 17. e3 Bxf1 18. Rxf1) 14. Rb1 Rac8 15. Nb3 Bc4 ({RR} 15... Nd5 16. Bd2 N7f6 17. f3) 16. Na1 Ba2 17. Nxc2 Bxb1 18. Na1 Nd5 19. Bd2 e5 20. e3 ({RR} 20. dxe5 Nxe5 21. e3 Bd3 ({RR} 21... Nd3+ 22. Bxd3 Bxd3 23. f3)) 20... exd4 21. exd4 Nb8 ({RR} 21... Re8+ 22. Kd1) ({RR} 21... Nf8 22. Ba6 Re8+ 23. Kd1 Ne6 24. Re1 Ndc7) 22. f3 Nc6 23. Bc4 Rd8 {Carlsen,M (2714)-Adams,M (2729) Khanty-Mansiysk 2007 CBM 122 [Rogozenco,Dorian] 1-0 (77)}) ({RR} 9. Qxc7 Qd5 10. Qd6 Qa5+ 11. Qb4 Nc6 12. Qxa5 Nxa5 13. h4 Nd5 14. Be5 f6 15. e4 Bxf1 16. Kxf1 Nb3 17. Rd1 fxe5 18. exd5 Nxd4 19. dxe6 Ke7 20. Ne2 Nxe2 21. Kxe2 Kxe6 22. Rd2 Rhd8 23. Rxd8 Rxd8 {Volkov,S (2416)-Levin,E (2469) St Petersburg RUS 2024 ½-½ (58)}) 9... Qd7 10. Qxd7+ Kxd7 $146 ({RR} 10... Nbxd7 11. Rc1 c5 12. dxc5 Nxc5 13. Nf3 O-O 14. Bd6 Nb3 15. Rc3 Ne4 16. Rxb3 Nxd6 17. e3 Rac8 18. Kd1 Bb7 19. Bd3 f6 20. Rg1 Ne4 21. Ke2 Nc5 22. Rc3 Nxd3 23. Rxc8 Nf4+ 24. exf4 Rxc8 25. Rd1 {Golod,V (2571)-Perelshteyn,E (2526) Las Vegas 2006 ½-½}) 11. Rd1 Rc8 12. f3 Ke8 13. e4 Bxf1 14. Kxf1 c5 15. dxc5 Rxc5 16. Ne2 Nbd7 17. Rd2 Rac8 18. Kf2 Rc2 19. Rhd1 Rxd2 20. Rxd2 Ng8 21. h4 Ne7 22. h5 h6 23. g4 a6 24. Be3 b5 25. Bd4 f6 26. Bc3 Ne5 27. b3 Nd7 28. Bb4 Nc6 29. Nd4 Nxd4 30. Rxd4 Rc6 31. Rd6 Rxd6 32. Bxd6 e5 33. Ke3 Kf7 34. Kd3 Ke6 35. Bb4 Nb8 36. Bf8 Kf7 37. Bc5 Nc6 38. a4 Ke6 39. axb5 axb5 40. Kc3 Kf7 41. Be3 Ke6 42. Bc5 Kf7 43. Be3 Ke6 44. Bc5 1/2-1/2

[Event "Teheran Mate of the King"]
[Site "Teheran"]
[Date "2009.01.27"]
[Round "1"]
[White "Karpov, Anatoly"]
[Black "Ghaem Maghami, Ehsan"]
[Result "1-0"]
[WhiteElo "2644"]
[BlackElo "2604"]
[PlyCount "83"]
[EventDate "2009.01.27"]
[EventType "match"]
[EventRounds "4"]
[EventCountry "IRI"]
[SourceTitle "CBM 128 Extra"]
[Source "ChessBase"]
[SourceDate "2009.03.05"]
[SourceVersion "2"]
[SourceVersionDate "2009.03.25"]
[SourceQuality "1"]

1. d4 Nf6 2. c4 e6 3. Nc3 Bb4 4. Qc2 O-O 5. a3 Bxc3+ 6. Qxc3 b5 7. cxb5 c6 8. f3 Nd5 9. Qd3 ({RR} 9. Qd2 f5 10. e3 cxb5 11. Nh3 Qb6 12. Bd3 Nc6 13. O-O a5 14. Qf2 Ba6 15. Rd1 b4 16. e4 fxe4 17. Bxe4 Rac8 18. Bxd5 exd5 19. Nf4 Bc4 20. Be3 Ne7 21. axb4 axb4 22. Qd2 Nf5 23. Bf2 Qh6 {Laznicka,V (2651)-Nisipeanu,L (2687) Germany 2017 ½-½}) 9... f5 ({RR} 9... cxb5 10. e4 Nb6 11. Nh3 Nc6 12. Be2 d5 13. exd5 Qxd5 14. Be3 Nc4 15. Bf2 h6 16. O-O e5 17. b3 Nb6 18. dxe5 Bxh3 19. Qxd5 Nxd5 20. gxh3 Nc3 21. Rfe1 Nxe5 22. Kg2 Nxe2 23. Rxe2 Nd3 24. Bg3 {Karpov,A (2644)-Ghaem Maghami,E (2604) Teheran 2009 0-1 (75)}) 10. Nh3 ({RR} 10. e4 Nb6 11. Nh3 fxe4 12. Qxe4 d5 13. Qe5 cxb5 14. Bxb5 Qh4+ 15. Nf2 Bd7 16. Bxd7 N8xd7 17. Qxe6+ Rf7 18. O-O Qxd4 19. Rd1 Qa4 20. Be3 Rd8 21. Rd4 Nc5 22. Qxf7+ Kxf7 23. Rxa4 Nbxa4 24. b4 d4 {Gnojek,P (2360)-Nedela,V (2339) Czech Republic CZE 2023 1-0 (64)}) 10... cxb5 11. e4 fxe4 $146 ({RR} 11... Nf6 12. exf5 Nc6 13. fxe6 dxe6 14. Be3 Nd5 15. Ng5 Rf5 16. h4 h6 17. g4 Nxe3 18. Qxe3 Nxd4 19. Bd3 Qb6 20. Kf2 Rf6 21. Bh7+ Kh8 22. Be4 Rb8 23. Rad1 e5 24. Kg2 Bb7 25. Rh3 Rbf8 26. Nh7 {Hammond,A (2212)-James,R (2204) Birmingham 1999 1-0 (31)}) 12. fxe4 Nf6 13. e5 Nd5 14. Ng5 Rf5 15. h4 h6 16. g4 Rxf1+ 17. Rxf1 hxg5 18. Qg6 Nf4 19. Bxf4 gxf4 20. Rxf4 Qxh4+ 21. Kd2 Qh2+ 22. Ke3 Bb7 23. Raf1 Nc6 24. Rf7 Qh3+ 25. Kd2 Qh7 26. Rf8+ Rxf8 27. Rxf8+ Kxf8 28. Qxh7 Nxd4 29. Kc3 Nf3 30. g5 Nxe5 31. Qh8+ Kf7 32. Qb8 b4+ 33. axb4 Bc6 34. Qxe5 a6 35. Kd4 Bb5 36. Kc5 d6+ 37. Kxd6 Kg6 38. Ke7 Kh7 39. Qe4+ Kh8 40. g6 Bc6 41. Qf4 Bd5 42. Qb8# 1-0

[Event "Hoogovens"]
[Site "Wijk aan Zee"]
[Date "1988.01.08"]
[Round "1"]
[White "Karpov, Anatoly"]
[Black "Hansen, Curt"]
[Result "1-0"]
[WhiteElo "2715"]
[BlackElo "2560"]
[PlyCount "115"]
[EventDate "1988.01.08"]
[EventType "tourn"]
[EventRounds "13"]
[EventCountry "NED"]
[EventCategory "13"]
[SourceTitle "CBM 005"]
[Source "ChessBase"]
[SourceDate "1988.08.01"]
[SourceVersion "1"]
[SourceVersionDate "1988.08.01"]
[SourceQuality "1"]

1. d4 Nf6 2. c4 e6 3. Nc3 Bb4 4. Qc2 O-O 5. a3 Bxc3+ 6. Qxc3 b6 7. Bg5 Bb7 8. e3 d6 9. f3 Nbd7 10. Bd3 c5 11. Ne2 Rc8 12. Qd2 cxd4 13. exd4 d5 ({RR} 13... Ba6 14. Rc1 d5 15. cxd5 Bxd3 16. Qxd3 Rxc1+ 17. Nxc1 h6 18. Bxf6 Nxf6 19. dxe6 Re8 20. Kf2 Rxe6 21. Re1 Rxe1 22. Kxe1 Qc7 23. Qc3 Qxh2 24. Kf2 g5 25. Ne2 Qh4+ 26. Kg1 Qh2+ 27. Kf2 {½-½ (27) Stefansson,H (2572)-Aronian,L (2648) Moscow 2004}) 14. cxd5 Bxd5 15. Ba6 Rc6 $146 ({RR} 15... Rc7 16. Bf4 Rc6 17. Bb7 Rc4 18. b3 Rxd4 19. Qxd4 Bxb7 20. O-O Ba6 21. Qd2 Nc5 22. Qxd8 Rxd8 23. Rad1 Rd5 24. Nc3 Rd3 25. b4 Ncd7 26. Rxd3 Bxd3 27. Rd1 Bc4 28. Rd6 h6 29. Rc6 b5 30. a4 {Bartos,J (2229)-Efler,L (2237) Czech Republic 2002 1-0 (33)}) 16. Bb5 Rc7 17. Bf4 Rc8 18. Ba6 Ra8 19. Rc1 Nb8 20. Bd3 Bb7 21. Bg5 Nbd7 22. O-O h6 23. Bh4 Rc8 24. Nc3 a6 25. Qe2 b5 26. Ne4 Qb6 27. Nc5 Rfe8 28. b4 Bc6 29. Qd2 Nd5 30. Be4 N7f6 31. Rfe1 Nh7 32. Bf2 Nf8 33. Bb1 Qa7 34. Ne4 Qe7 35. Bg3 Red8 36. Nc5 Nb6 37. Bd3 Qa7 38. Bh4 Re8 39. Qf2 a5 40. Ra1 Nd5 41. Qb2 Qb6 42. bxa5 Qxa5 43. Reb1 Nf4 44. Bf1 N8g6 45. Bg3 Red8 46. Rc1 Rd5 47. Ne4 Qd8 48. Bf2 Ne7 49. Rc2 Qa5 50. Qc1 Nfg6 51. Rb1 Rdd8 52. Nc5 Kh8 53. h4 Qa8 54. h5 Nf8 55. Bxb5 Bxb5 56. Rxb5 Nf5 57. Rb4 Nh7 58. Ra4 {Time} 1-0

[Event "Candidates sf1"]
[Site "London"]
[Date "1989.??.??"]
[Round "2"]
[White "Karpov, Anatoly"]
[Black "Jussupow, Artur"]
[Result "1/2-1/2"]
[WhiteElo "2755"]
[BlackElo "2610"]
[Annotator "Jussupow,Artur"]
[PlyCount "65"]
[EventDate "1989.10.??"]
[EventType "match"]
[EventRounds "8"]
[EventCountry "ENG"]
[SourceTitle "Candidates"]
[Source "ChessBase"]
[SourceDate "1999.07.01"]
[SourceVersion "2"]
[SourceVersionDate "1999.07.01"]
[SourceQuality "1"]

1. d4 {Artur Yusupov} Nf6 2. c4 e6 3. Nc3 Bb4 4. Qc2 O-O 5. a3 Bxc3+ 6. Qxc3 b6 7. Nf3 Bb7 8. e3 {8.g3!?} d6 9. Be2 {9.b4!?} Nbd7 10. O-O {9.b4} Ne4 11. Qc2 f5 $15 12. Ne1 (12. b4 Rf6 13. Bb2 Rh6 $40) 12... Qh4 $1 13. f3 Ng5 $36 14. f4 (14. Bd1 {f2} Rf6 15. Qf2 Qh6 $36 {15...h5!? 16.d3 e5 17.d5}) ({RR} 14. b4 Rae8 15. c5 bxc5 16. bxc5 dxc5 17. Rb1 Bc6 18. Nd3 Rf6 19. g3 Qh5 20. Nf4 Nh3+ 21. Nxh3 Qxh3 22. Rf2 Bd5 23. dxc5 c6 24. Rb7 Ne5 25. Bb2 Rf7 26. Rxf7 Nxf7 27. e4 fxe4 28. fxe4 Ng5 {Bok,B (2591)-Zhigalko,S (2572) chess.com INT 2025 1-0 (37)}) 14... Ne4 15. Nf3 Qh6 {15...e7!?(h6,g5)16.b4} 16. Bd3 $146 ({RR} 16. b4 Rf6 17. d5 Rg6 18. Nd4 Re8 19. Bf3 Ndf6 20. Nxe6 Rxe6 21. dxe6 Ng4 22. h3 Ngf6 23. c5 Qxh3 24. cxb6 c5 25. Bb2 Qg3 26. Bxf6 gxf6 27. bxa7 Kg7 28. e7 Kf7 29. Bxe4 Bxe4 30. e8=Q+ Kxe8 {Lorincz,I-Siklosi,Z Budapest 1981 1-0 (33)}) ({RR} 16. Nd2 Ndf6 17. Bf3 g5 18. b3 Rae8 19. Nxe4 Bxe4 20. Qe2 g4 21. Bxe4 Nxe4 22. Bb2 Qh4 23. Qe1 Qxe1 24. Rfxe1 Kf7 25. Re2 Ke7 26. b4 Kd7 27. Rc1 c6 28. Rec2 Rc8 29. Kf1 d5 30. c5 b5 {Abrahams,D (2072)-Gasanov,E (2476) Hastings ENG 2024 ½-½ (58)}) 16... Ndf6 17. Qe2 Ng4 18. Qe1 $6 {18.b4 b2} Rae8 $1 {e5;18...c5? 19.dc f3 20.h3+-} 19. b4 {19.h4 g6} e5 20. fxe5 {20.h3? gf2} dxe5 21. h3 Nef2 $5 {21...ed d6} 22. Be2 $8 {22.f2? f2 23.f2 e4-+} Bxf3 $17 (22... exd4 $5 23. e4 $3 {23.hg de! 24.f2 ef 25.f2 (25.f2 f6!-+) f6 26.g5 e2!-+; 24.h2 h3!! 25.f2 ef 26.f2 c3-+} Nxh3+ 24. gxh3 Qxh3 25. Qh4 Qxh4 26. Nxh4 Bxe4 27. Bxg4 $15) 23. Bxf3 e4 $2 $138 (23... Nd3 $1 24. Qc3 (24. Qg3 Nxc1 25. hxg4 {25.g4 b3 26.ab1 d2-+} Qxe3+ 26. Kh2 $1 {26.h1 e6 27.g5 d3-+;26.f2 f2 27.f2 b3-+} e4 27. Raxc1 exf3 28. Qxf3 Qxd4 29. gxf5 Re5 $17 {King,Jacobs}) (24. Bd5+ Kh8 25. e4 {25.g3 c1 26.ac1 e3-+} Nxe1 26. Bxh6 Nxh6 27. Raxe1 exd4 28. e5 $1 $17 {28.ef e1 29.e1 f5 30.f1 f6-+}) 24... Nxc1 25. Rfxc1 $5 {25.hg fg 26.ac1 g3! 27.d5 h8 28.f7 f7 29.f7 f8-+; 26.g4 f1 27.f1 h1 28.f2 f8 29.f3 h4 30.f1 e4-+} Qxe3+ {25...e3 26.de} 26. Qxe3 Nxe3 27. dxe5 Rxe5 28. c5 {28.c3 c5 29.bc bc 30.b1} bxc5 29. Rc3 $1 $17) 24. Bd1 $1 $138 (24. Be2 Nxh3+ $1 25. gxh3 Qxh3 26. Bxg4 Qxg4+ 27. Kf2 {27.h1 h3 28.g1 e6-+} f4 28. exf4 e3+ 29. Bxe3 Rxf4+ 30. Bxf4 Qxf4+ 31. Kg2 Rxe1 32. Raxe1 Qg4+ $19 {h5,×d4,a3,c4}) (24. hxg4 fxg4 25. Qxf2 gxf3 $40 {f5,e6}) 24... Nxd1 {24...h3? 25.gh h3 26.a2+-} 25. Qxd1 Nxe3 26. Qe2 f4 27. Bxe3 fxe3 28. Rxf8+ Rxf8 29. Re1 $10 Rd8 30. d5 c6 31. dxc6 Qxc6 32. Qxe3 Qxc4 {32...e8?! 33.d4} 33. Qxe4 {Artur Yusupov} 1/2-1/2

[Event "Corus"]
[Site "Wijk aan Zee"]
[Date "2003.01.26"]
[Round "13"]
[White "Karpov, Anatoly"]
[Black "Kramnik, Vladimir"]
[Result "1/2-1/2"]
[WhiteElo "2688"]
[BlackElo "2807"]
[PlyCount "29"]
[EventDate "2003.01.11"]
[EventType "tourn"]
[EventRounds "13"]
[EventCountry "NED"]
[EventCategory "18"]
[SourceTitle "CBM 093"]
[Source "ChessBase"]
[SourceDate "2003.04.01"]
[SourceVersion "1"]
[SourceVersionDate "2003.04.01"]
[SourceQuality "1"]

1. d4 {Dautov,Rustem} Nf6 2. c4 e6 3. Nc3 Bb4 4. Qc2 d5 5. cxd5 Qxd5 6. e3 ({RR} 6. Nf3 Qf5) 6... c5 7. dxc5 ({RR} 7. a3 cxd4 ({RR} 7... Bxc3+ 8. bxc3 O-O ({RR} 8... Nc6 9. Nf3 O-O 10. c4 Qd6 11. Bb2 cxd4 12. exd4 b6 13. Bd3 Bb7 14. O-O Rac8 15. Qe2 Qf4 16. Rad1 Rfe8 17. h3 Na5 18. Ne5 Be4 19. Rfe1 Bxd3 20. Qxd3) 9. Nf3 cxd4 10. cxd4 b6 11. Bc4 Qc6 12. Bd3 Qxc2 13. Bxc2 Ba6 14. Ne5 Nbd7 15. Nxd7 Nxd7 16. Bb2 Rac8 17. Rc1 Rfd8 18. f3 e5 19. Kf2 exd4 20. Bxd4 Nc5) 8. axb4 ({RR} 8. exd4 Bxc3+ 9. bxc3 O-O 10. Nf3 Nc6 11. Bd3 e5 12. c4 Qd6 13. d5 e4 14. Bxe4 Re8) 8... dxc3 9. bxc3 ({RR} 9. Qxc3 O-O 10. Nf3 b6 11. Bc4 Qd6 12. O-O Bb7) 9... b5 ({RR} 9... O-O 10. c4 Qe4 ({RR} 10... Qd6 11. c5 Qc7 12. Bb2 Nbd7 ({RR} 12... Nd5 13. e4 Nf4 ({RR} 13... Nxb4 14. Qc3) 14. Qc3 f6 15. g3 Ng6 16. Bc4) 13. Nf3) ({RR} 10... Qd8 11. Nf3) 11. Qxe4 Nxe4 12. Bd3 Nf6 13. Bb2) 10. Nf3 O-O 11. c4 ({RR} 11. Be2 Bb7 12. O-O Rc8 13. Ra5 a6 14. c4 Qd8) 11... bxc4 12. Bxc4 Qe4 13. Bd3 ({RR} 13. Qxe4 Nxe4 14. Ke2 Bb7 15. Bb2 Nd7 16. Rhc1) 13... Qxb4+ 14. Ke2 Qb6 15. Ba3 ({RR} 15. Bb2 Nbd7 16. Bd4 Qb8 17. Ng5 ({RR} 17. Rhb1 Bb7) 17... h6 18. Nh7 Nxh7 19. Bxh7+ Kh8 20. Rhb1 Bb7 21. Be4 Bxe4 22. Qxe4 Qd6) 15... Re8 16. Bc5 ({RR} 16. Rhb1 Qc6) 16... Qc7 17. Rhc1 a5 18. Bb4 Qxc2+ 19. Rxc2 Ba6 20. Rxa5 Bxd3+ {½-½ (20) Kasparov,G (2805)-Nikolic,P (2655) Moscow 1994 CBM 045 [Dautov,Rustem]}) ({RR} 7. Bd2 Bxc3 8. bxc3 O-O 9. Nf3 Nc6 10. c4 Qd6 11. dxc5 Qxc5 12. Rb1 e5 13. Ng5 h6 14. Ne4 Nxe4 15. Qxe4 Rd8 16. Rb5 Qe7 17. Be2 b6 18. Bf3 Bb7) ({RR} 7. Nf3 cxd4 8. exd4 Nc6 9. Be3 Qa5 10. Bd3 Nd5 11. O-O Bxc3 12. bxc3 Qxc3 13. Bxh7 g6 14. Bxg6 fxg6 15. Qxg6+ Kd8 16. Rac1 Qa3 17. Ne5 Bd7 18. Qg7 {1-0 (18) Holt,C (2553)-Najer,E (2659) Chess.com INT 2022}) 7... Qxc5 8. Bd2 Nc6 9. Rc1 O-O $146 ({RR} 9... e5 10. Bd3 Bg4 11. a3 Bxc3 12. Bxc3 Rd8 13. Nf3 Bxf3 14. gxf3 Qd5 15. Ke2 O-O 16. Rhg1 Rfe8 17. h4 Nd4+ 18. Bxd4 exd4 19. e4 Qh5 20. Rg5 Qxh4 21. Rcg1 Nh5 22. Ke1 g6 23. Bb5 Rc8 24. Rc5 {Li,C (2693)-Zeng,C (2504) China 2013 0-1 (40)}) 10. a3 Bxc3 11. Bxc3 Nd5 12. Nf3 Nxc3 13. Qxc3 Qxc3+ 14. Rxc3 Bd7 15. Bd3 1/2-1/2